| 000 | 00842nam a2200277 u 4500 | ||
|---|---|---|---|
| 003 | UPN | ||
| 005 | 20240322085055.0 | ||
| 008 | 191015s2007 sp a r ||| 1|spa d | ||
| 020 | _a9788478719525 | ||
| 035 | _aUPN01000233393 | ||
| 040 |
_aMX-MxUPN _bspa _cMX-MxUPN |
||
| 041 | _aspa | ||
| 050 | 4 |
_aQA113 _bCH53 2007 |
|
| 100 | 1 |
_aChild, Lauren, _d1967- _933864 |
|
| 245 | 1 | 0 | _aJuan y Totola números |
| 246 | 1 | 1 | _aCharlie and Lola´s Numbers |
| 250 | _aPrimera edición | ||
| 260 |
_a[España] : _bSerres, _c2007. |
||
| 300 |
_a[12] páginas : _bIlustraciones |
||
| 650 | 4 |
_951341 _aContar (enumerar) _vLiteratura infantil |
|
| 700 | 1 |
_951352 _aMancera, Raquel, _d1975- _etraducción |
|
| 730 | 0 |
_951457 _aCharlie and Lola (programa de televisión) |
|
| 902 | _bMaríaRobles/140324 | ||
| 942 |
_n0 _2lcc _cLIBRO |
||
| 999 |
_c205488 _d205488 |
||